Flags of the Regions of the Czech Republic - Statistics

General Stats
  • This quiz has been taken 129 times
  • The average score is 6 of 14
Answer Stats
Picture Answer % Correct
Prague
91%
Pardubice
65%
Liberec
55%
Olomouc
55%
Karlovy Vary
52%
Plzeň
49%
Vysočina
48%
Zlín
46%
Hradec Králové
39%
Ústi nad Labem
35%
South Moravian
29%
Central Bohemian
23%
South Bohemian
23%
Moravian-Silesian
19%
No matching quizzes found
Score Distribution
Percent of People with Each Score
Percentile by Number Answered
Your Score History
You have not taken this quiz